Los movimientos populares desde su praxis latina /
Tallennettuna:
| Päätekijä: | |
|---|---|
| Aineistotyyppi: | Teksti |
| Aiheet: | |
| Tagit: |
Lisää tagi
Ei tageja, Lisää ensimmäinen tagi!
|
MARC
| LEADER | 00000 a a2200000 04500 | ||
|---|---|---|---|
| 001 | 251 | ||
| 003 | |||
| 040 | |||
| 100 | |a Rodríguez Villasante, Tomás | ||
| 245 | |a Los movimientos populares desde su praxis latina / |c Tomás Rodríguez Villasante | ||
| 650 | |a MOVIMIENTOS SOCIALES | ||
| 650 | |a PARTICIPACION SOCIAL | ||
| 650 | |a METODOLOGIA | ||
| 650 | |a AMERICA LATINA | ||
| 773 | |g número 18; páginas 9-29 | ||
| 999 | |c 32506 |d 32506 | ||
| 773 | 0 | |0 41952 |9 3382 |d Madrid: Solidaridad para el desarrollo y la paz, SODEPAZ-SODEPAU; Asociación Andaluza por la solidaridad y la paz 1990- |o 03621 |t Africa América Latina: |x 11302569 | |
